Železničný prepravný trh a faktory jeho rozvoja

Kľúčové faktory ovplyvňujúce výkony v železničnej doprave v roku 2011. Efekty zo zníženia poplatku za železničnú infraštruktúru pre ŽSR a sektor dopravy.

Salvato in:
Dettagli Bibliografici
Autore principale: Majerčáková, Eva
Altri autori: Majerčák, Peter
Natura: Capitolo di libro
Lingua:slovacco
Soggetti:
Tags: Aggiungi Tag
Nessun Tag, puoi essere il primo ad aggiungerne!!

MARC

LEADER 00000nla a2200000 4500
001 0162607
005 20220323110027.9
041 0 |a slo 
044 |a SK 
245 1 0 |a Železničný prepravný trh a faktory jeho rozvoja  |c Eva Majerčáková, Peter Majerčák 
520 |a Kľúčové faktory ovplyvňujúce výkony v železničnej doprave v roku 2011. Efekty zo zníženia poplatku za železničnú infraštruktúru pre ŽSR a sektor dopravy. 
610 2 0 |a politika dopravná 
610 2 0 |a doprava železničná 
610 2 0 |a Slovensko 
610 2 0 |a infraštruktúra dopravná 
100 1 |a Majerčáková, Eva 
700 1 |a Majerčák, Peter